Pre-Algebra demystified / (Record no. 9097)
[ view plain ]
| 000 -LEADER | |
|---|---|
| fixed length control field | 04742cam a2200361 a 4500 |
| 001 - CONTROL NUMBER | |
| control field | 17028557 |
| 003 - CONTROL NUMBER IDENTIFIER | |
| control field | SISC |
| 005 - DATE AND TIME OF LATEST TRANSACTION | |
| control field | 20160223115711.0 |
| 008 - FIXED-LENGTH DATA ELEMENTS--GENERAL INFORMATION | |
| fixed length control field | 111031s2012 nyua p 001 0 eng |
| 010 ## - LIBRARY OF CONGRESS CONTROL NUMBER | |
| LC control number | 2011042119 |
| 040 ## - CATALOGING SOURCE | |
| Original cataloging agency | DLC |
| Transcribing agency | DLC |
| 042 ## - AUTHENTICATION CODE | |
| Authentication code | pcc |
| 050 00 - LIBRARY OF CONGRESS CALL NUMBER | |
| Classification number | QA 303.2 |
| Item number | .B658 2004 |
| 082 ## - DEWEY DECIMAL CLASSIFICATION NUMBER | |
| Classification number | HS 513.12 |
| Item number | B658 2004 |
| 100 1# - MAIN ENTRY--PERSONAL NAME | |
| Personal name | Bluman, Allan G. |
| 9 (RLIN) | 12403 |
| 245 10 - TITLE STATEMENT | |
| Title | Pre-Algebra demystified / |
| Statement of responsibility, etc | Allan G. Bluman. |
| 250 ## - EDITION STATEMENT | |
| Edition statement | 2nd ed. |
| 260 ## - PUBLICATION, DISTRIBUTION, ETC. (IMPRINT) | |
| Place of publication, distribution, etc | New York, NY : |
| Name of publisher, distributor, etc | McGraw-Hill Professional, |
| Date of publication, distribution, etc | c2012. |
| 300 ## - PHYSICAL DESCRIPTION | |
| Extent | 534 p. : |
| Other physical details | ill. ; |
| Dimensions | 24 cm. |
| 490 0# - SERIES STATEMENT | |
| Series statement | Demystified |
| 505 8# - FORMATTED CONTENTS NOTE | |
| Formatted contents note | Machine generated contents note: Ch 1 Lines -- The slope of a line; Equations of lines; Applications of lines -- Ch 2 Introduction to Functions -- Function Evaluation; More function evaluation; The domain and range of a function -- Ch 3 Functions and Their Graphs -- Reading a graph; Average rate of change; Even/odd functions; Graphing functions with a calculator -- Ch 4 Combinations of Functions -- Arithmetic combinations; Composition of functions; 1-1 functions and their inverses -- Ch 5 Transformations of a Function -- Families of functions; Shifting graphs; Reflections of graphs; Stretching/compressing graphs -- Ch 6 Quadratic Functions -- The graph of a quadratic function; Finding the vertex; Sketching the graph of a quadratic function; Applications of quadratic functions -- Ch 7 Polynomial Functions -- The graph of a polynomial function; Sketching the graph of a polynomial function; Polynomial division; The zeros of a polynomial; Complex numbers; Complex solutions to quadratic equations; The Fundamental Theorem of Algebra -- Ch 8 Rational Functions -- Intercepts and asymptotes for the graph of a rational function; Sketching the graph of a rational function -- Ch 9 Exponents and Logarithms -- Compound growth; The exponential function and its graph; Logarithms; Evaluating logarithms; Exponential and logarithmic equations (part I); The graph of the logarithmic function; Exponential and logarithmic equations (part II); Properties of logarithms; More logarithmic equations; The change of base formula; Applications of logarithms and exponents -- Ch 10 Systems of Equations -- Solving systems of linear equations by substitution; Solving systems of linear equations by addition; Applications of systems of linear equations; Solving other systems of equations; The graph of an inequality; Solving systems of inequalities -- Ch 11 Matrices -- Matrix arithmetic; Finding the inverse of a matrix; Using a calculator for matrix computations; Solving systems of equations with matrices; The determinant of a matrix -- Ch 12 Conic Sections -- The standard equation for a parabola; The standard equation for an ellipse; The standard equation for a hyperbola; Using a calculator to graph a conic section. |
| 520 ## - SUMMARY, ETC. | |
| Summary, etc | "Your solution to mastering pre-calculus!Fully updated throughout, Pre-calculus DeMYSTiFieD, Second Edition features all-new quizzes and test questions, detailed explanations of the exercises, and a completely refreshed design. Author Rhonda Huettenmueller helps you understand the material by organizing the information from simple to complex, and presenting it clearly and concisely. This practical guide covers lines, functions, exponents, logarithms, systems of equations, matrices, conic sections, and more. Step-by-step examples make it easy to understand the topics, and end-of-chapter quizzes and a final exam reinforce key concepts. Pre-calculus DeMYSTiFieD, Second Edition Contains examples, graphs, questions, and answers Helps you prepare for the CLEP (College-Level Examination Program) Pre-calculus test, SATs, or other college placement exams Provides chapter-opening objectives that describe what you'll learn in each step Includes questions at the end of every chapter to reinforce learning and pinpoint weaknesses Offers "Still Struggling?" elements throughout to help you with difficult subtopics Concludes with a final exam for overall self-assessment "-- |
| 520 ## - SUMMARY, ETC. | |
| Summary, etc | "More than 2 million books sold in the DeMYSTiFieD series! The second edition this bestseller is updated with all-new quizzes and test questions, clearer explanations of the exercises, and a completely refreshed design"-- |
| 650 #0 - SUBJECT ADDED ENTRY--TOPICAL TERM | |
| Topical term or geographic name as entry element | Precalculus |
| Form subdivision | Popular works. |
| 9 (RLIN) | 12404 |
| 650 #0 - SUBJECT ADDED ENTRY--TOPICAL TERM | |
| Topical term or geographic name as entry element | Precalculus |
| Form subdivision | Programmed instruction. |
| 9 (RLIN) | 12405 |
| 650 #0 - SUBJECT ADDED ENTRY--TOPICAL TERM | |
| Topical term or geographic name as entry element | Functions |
| Form subdivision | Popular works. |
| 9 (RLIN) | 12406 |
| 650 #0 - SUBJECT ADDED ENTRY--TOPICAL TERM | |
| Topical term or geographic name as entry element | Functions |
| Form subdivision | Programmed instruction. |
| 9 (RLIN) | 12407 |
| 650 #7 - SUBJECT ADDED ENTRY--TOPICAL TERM | |
| Topical term or geographic name as entry element | MATHEMATICS / Pre-Calculus. |
| Source of heading or term | bisacsh |
| 9 (RLIN) | 12408 |
| 906 ## - LOCAL DATA ELEMENT F, LDF (RLIN) | |
| a | 7 |
| b | cbc |
| c | orignew |
| d | 1 |
| e | ecip |
| f | 20 |
| g | y-gencatlg |
| 942 ## - ADDED ENTRY ELEMENTS (KOHA) | |
| Source of classification or shelving scheme | Library of Congress Classification |
| Koha item type | Books |
| Withdrawn status | Lost status | Source of classification or shelving scheme | Damaged status | Home library | Current library | Shelving location | Date acquired | Total Checkouts | Total Renewals | Full call number | Barcode | Checked out | Date last seen | Date checked out | Copy number | Price effective from | Koha item type |
|---|---|---|---|---|---|---|---|---|---|---|---|---|---|---|---|---|---|
| Library of Congress Classification | Luxembourg Library | Luxembourg Library | High School Section | 08/23/2013 | 3 | 5 | QA 303.2 .B658 2004 | 19397 | 09/18/2025 | 09/11/2025 | 09/11/2025 | 1 | 08/23/2013 | Books |